Tianyu Xu

Georgia Tech B


Categories

Science - Chemistry04034099107.7513
Fine Arts - Visual Fine Arts020120120131.5001
Science - Biology11211578104.5012
History - European History010010123123.0001
Ancient History and Archaeology010010102102.0001
Other Arts: Visual010110107107.0011
Other Academic010110129129.0001
British and Commonwealth History010110137137.0001
Chemistry>0100107373.0011
Philosophy0010-50.0000

Buzzes

Science - Biologyseed dispersal-549
Chemistry>column chromatography1073
Science - Biologyturtle shell1578
Science - Biologyopsins-586
Science - Chemistrychirality1099
Ancient History and Archaeologyfeces10102
Other Arts: Visualbonsai10107
Science - Chemistryamides10110
Science - Chemistryphosphorus10110
Science - Chemistryhydrophobicity10112